Devarim ʻal ha-Tsiyonut (Record no. 32542)

MARC details
000 -LEADER
fixed length control field 00745cam a22002291 4500
001 - CONTROL NUMBER
control field he 67001534
003 - CONTROL NUMBER IDENTIFIER
control field DLC
005 - DATE AND TIME OF LATEST TRANSACTION
control field 20260227111448.0
008 - FIXED-LENGTH DATA ELEMENTS--GENERAL INFORMATION
fixed length control field 840529s1966 is 000 0 heb
010 ## - LIBRARY OF CONGRESS CONTROL NUMBER
LC control number he 67001534
035 ## - SYSTEM CONTROL NUMBER
System control number (OCoLC)19139594
040 ## - CATALOGING SOURCE
Original cataloging agency DLC
Transcribing agency MH
Modifying agency DLC
042 ## - AUTHENTICATION CODE
Authentication code premarc
050 00 - LIBRARY OF CONGRESS CALL NUMBER
Classification number DS149
Item number .S49716
100 1# - MAIN ENTRY--PERSONAL NAME
Personal name Sharett, Moshe,
Dates associated with a name 1894-1965.
245 10 - TITLE STATEMENT
Title Devarim ʻal ha-Tsiyonut
260 ## - PUBLICATION, DISTRIBUTION, ETC.
Place of publication, distribution, etc. [Jerusalem] :
Name of publisher, distributor, etc. [ha-Hanhalah ha-Tsiyonit ha-ʻolamit]
Date of publication, distribution, etc. [1966]
300 ## - PHYSICAL DESCRIPTION
Extent 41 p. :
Other physical details mounted port. ;
Dimensions 28 cm.
500 ## - GENERAL NOTE
General note "ha-Devarim neʼemru...bi-shene ha-ḳongresim ha-Tsiyoniyim ha-aḥaronim uve-moshav ha-Ṿaʻad ha-Poʻel ha-Tsiyoni bi-Shenat 1963."
650 #0 - SUBJECT ADDED ENTRY--TOPICAL TERM
Topical term or geographic name entry element Zionism.
752 ## - ADDED ENTRY--HIERARCHICAL PLACE NAME
Country or larger entity Israel
City Jerusalem

No items available.

Powered by Koha